An introduction to the world's oceans
সংরক্ষণ করুন:
| প্রধান লেখক: | |
|---|---|
| বিন্যাস: | গ্রন্থ |
| ভাষা: | Undetermined |
| প্রকাশিত: |
Dubuque, IA
WCB
1997
|
| বিষয়গুলি: | |
| ট্যাগগুলো: |
ট্যাগ যুক্ত করুন
কোনো ট্যাগ নেই, প্রথমজন হিসাবে ট্যাগ করুন!
|
| Thư viện lưu trữ: | Trung tâm Học liệu Trường Đại học Cần Thơ |
|---|
| LEADER | 00517nam a2200193Ia 4500 | ||
|---|---|---|---|
| 001 | CTU_61536 | ||
| 008 | 210402s9999 xx 000 0 und d | ||
| 020 | |c 379000 | ||
| 082 | |a 551.46 | ||
| 082 | |b D988 | ||
| 100 | |a Duxbury, Alyn C. | ||
| 245 | 3 | |a An introduction to the world's oceans | |
| 245 | 0 | |c Alyn C. Duxbury and Alison B. Duxbury | |
| 260 | |a Dubuque, IA | ||
| 260 | |b WCB | ||
| 260 | |c 1997 | ||
| 650 | |a Oceanography | ||
| 904 | |i Minh,Hải | ||
| 980 | |a Trung tâm Học liệu Trường Đại học Cần Thơ | ||